The Office US - La Michael Scott Paper Company - Statistiques

Statistiques générales
  • Ce quiz a été pris 7 fois
  • Le résultat moyen est 8 sur 13
Statistiques - réponses
Question Réponse % Correct
Qui est la seule du bureau à le suivre dans cette entreprise risquée ? Pam Beesly
100%
Qui trahit Michael en donnant des informations à Charles Miner ? Dwight Schrute
83%
Michael, Pam et Ryan empruntent un bus pour leurs livraisons. En quelle langue est-il écrit "église de Scranton" dessus ? En coréen
83%
Qui est le dernier membre de la "Dream Team" et ami de Michael ? Ryan Howard
83%
Quel est le nouveau rôle de Pam quand elle retourne à Dunder Mifflin ? Vendeuse
83%
Quel supérieur charismatique, nouveau chez Dunder Mifflin, pousse Michael à aller voler de ses propres ailes en quittant l'entreprise ? Charles Miner
67%
La Michael Scott Paper Company a ses bureaux dans le même bâtiment que Dunder Mifflin. À côté de quel lieu peu agréable ? Les toilettes
67%
Qu'ont l'habitude de se lancer dans la bouche nos trois héros ? Des boules au fromage
50%
Quel télémarketeur de talent est débauché par Pam et Michael mais quitte rapidement le navire ? Vikram
50%
De quelle forme sont les pancakes que Michael prépare pour attirer des clients ? De forme rectangulaire
33%
Que font Pam puis Michael pour s'encourager dans leurs débuts difficiles ? Une liste
33%
De quel montant est la première offre formulée par David Wallace pour le rachat de la Michael Scott Paper Company ? 12 000 $
17%
Quel gros client Michael parvient-il à subtiliser à Dwight et Dunder Mifflin ? Harper Collins
17%
Aucun quiz correspondant
Distribution des résultats
% des personnes avec chaque résultat
Percentile par nombre de réponses
Votre historique - résultats
Vous n’avez pas pris ce quiz